[Event "COL-chT"]
[Site "Risaralda"]
[Date "2023.11.22"]
[Round "6.1"]
[White "Cuartas, Jaime Alexander"]
[Black "Tirado, Juan Camilo"]
[Result "1-0"]
[WhiteElo "2528"]
[BlackElo "2182"]
[PlyCount "77"]
[EventDate "2023.11.19"]
[EventType "team-swiss"]
[EventRounds "7"]
[EventCountry "COL"]
[SourceTitle "CB49_2023"]
[SourceDate "2023.12.06"]
[SourceVersion "1"]
[SourceVersionDate "2023.12.06"]
[SourceQuality "1"]
[WhiteTeam "Antioquia"]
[BlackTeam "Boyaca"]
[WhiteTeamCountry "COL"]
[BlackTeamCountry "COL"]

1. e4 c5 2. Nf3 Nc6 3. Bb5 e5 4. 0-0 Bd6 5. d3 Nge7 6. Nc3 0-0 7. Bc4 Ng6 8. Ng5 Be7 9. Qh5 Bxg5 10. Bxg5 Nce7 11. Nd5 h6 12. Bxe7 Nxe7 13. Qxe5 Nxd5 14. Bxd5 d6 15. Qc3 Qe7 16. f4 Kh8 17. f5 f6 18. Rf3 Rb8 19. Qd2 Bd7 20. Rh3 Bc6 21. Be6 Bd7 22. Bb3 Kh7 23. Rf1 Rfc8 24. Rf4 b5 25. Bd5 Bc6 26. Be6 Rc7 27. Rfh4 Qf8 28. g4 Bd7 29. Bd5 Be8 30. g5 fxg5 31. Qxg5 Bf7 32. Bxf7 Rxf7 33. Qg6+ Kh8 34. Rxh6+ gxh6 35. Rxh6+ Qxh6 36. Qxh6+ Rh7 37. Qxd6 Rg8+ 38. Kf2 c4 39. Qe5+ 1-0

[Event "COL-chT"]
[Site "Risaralda"]
[Date "2023.11.21"]
[Round "5.1"]
[White "Corredor Rengifo, Luis Fernando"]
[Black "Tirado, Juan Camilo"]
[Result "0-1"]
[WhiteElo "2169"]
[BlackElo "2182"]
[PlyCount "110"]
[EventDate "2023.11.19"]
[EventType "team-swiss"]
[EventRounds "7"]
[EventCountry "COL"]
[SourceTitle "CB49_2023"]
[SourceDate "2023.12.06"]
[SourceVersion "1"]
[SourceVersionDate "2023.12.06"]
[SourceQuality "1"]
[WhiteTeam "Tolima"]
[BlackTeam "Boyaca"]
[WhiteTeamCountry "COL"]
[BlackTeamCountry "COL"]

1. d4 d5 2. c4 e6 3. Nc3 Nf6 4. cxd5 exd5 5. Bg5 Bb4 6. e3 h6 7. Bh4 g5 8. Bg3 Ne4 9. Nge2 h5 10. f3 Nxg3 11. hxg3 Qe7 12. Kf2 c6 13. Nc1 h4 14. gxh4 gxh4 15. Nd3 Bd6 16. f4 f6 17. Be2 Qg7 18. Bh5+ Kd8 19. Rxh4 Rg8 20. g4 Be6 21. Qf3 Nd7 22. f5 Bf7 23. Bxf7 Qxf7 24. Nf4 Nf8 25. Rah1 Kd7 26. Nce2 Re8 27. Rh6 Bc7 28. R1h4 Kc8 29. Qh3 Qe7 30. Rh8 Rg7 31. R4h6 Rf7 32. Ng6 Qb4 33. Nxf8 Rfxf8 34. Rxf8 Qxf8 35. Rh7 Qb4 36. Qh5 Rd8 37. Qf7 Ba5 38. Kf3 Qxb2 39. Nc1 Qb1 40. Kg3 Kb8 41. Kh4 Ka8 42. Kh5 Rb8 43. Nb3 Bd8 44. Nc5 Qg1 45. Nd7 Qxe3 46. Rg7 Qh3+ 47. Kg6 Qxg4+ 48. Kh7 Qxf5+ 49. Kh6 Qh3+ 50. Kg6 Qg4+ 51. Kh7 Qh4+ 52. Kg6 Qe4+ 53. Kh5 Qh1+ 54. Kg4 f5+ 55. Kxf5 Qe4# 0-1

[Event "COL-chT Rapid"]
[Site "Santa Marta"]
[Date "2022.11.04"]
[Round "5.1"]
[White "Prasca Sosa, Rafael Felipe"]
[Black "Tirado, Juan Camilo"]
[Result "1-0"]
[WhiteElo "2376"]
[BlackElo "2142"]
[PlyCount "37"]
[EventDate "2022.11.02"]
[EventType "team-swiss"]
[EventRounds "7"]
[EventCountry "COL"]
[SourceTitle "CBM 211 Extra"]
[Source "ChessBase"]
[SourceDate "2023.01.31"]
[SourceVersion "1"]
[SourceVersionDate "2023.01.31"]
[SourceQuality "1"]
[WhiteTeam "Risaralda II"]
[BlackTeam "Boyaca"]
[WhiteTeamCountry "COL"]
[BlackTeamCountry "COL"]

1. e4 g6 2. d4 Bg7 3. Nc3 d6 4. Bf4 Nf6 5. Qd2 c6 6. f3 h5 7. h4 Qa5 8. Nh3 Bxh3 9. Rxh3 Nbd7 10. 0-0-0 0-0-0 11. Kb1 e5 12. Be3 Rhe8 13. Nb5 Qxd2 14. Nxd6+ Kb8 15. Rxd2 Re7 16. dxe5 Nxe5 17. Nc4 Rxd2 18. Bxd2 Nxc4 19. Bxc4 1-0

[Event "COL-chT"]
[Site "Santa Marta"]
[Date "2022.11.03"]
[Round "3.2"]
[White "Pai, Juan David"]
[Black "Tirado, Juan Camilo"]
[Result "0-1"]
[WhiteElo "2039"]
[BlackElo "2147"]
[PlyCount "41"]
[EventDate "2022.11.02"]
[EventType "team-swiss"]
[EventRounds "7"]
[EventCountry "COL"]
[SourceTitle "CBM 211 Extra"]
[Source "ChessBase"]
[SourceDate "2023.01.31"]
[SourceVersion "1"]
[SourceVersionDate "2023.01.31"]
[SourceQuality "1"]
[WhiteTeam "Narino"]
[BlackTeam "Boyaca"]
[WhiteTeamCountry "COL"]
[BlackTeamCountry "COL"]

1. d4 Nf6 2. c4 e6 3. Nf3 Bb4+ 4. Bd2 Be7 5. Nc3 d5 6. g3 0-0 7. cxd5 exd5 8. Qc2 Nc6 9. Rc1 Bg4 10. Be3 Bb4 11. a3 Bxc3+ 12. bxc3 Bxf3 13. exf3 Na5 14. Qa2 c6 15. Bd3 Qd7 16. g4 Ne8 17. 0-0 Nd6 18. a4 f5 19. Bf4 fxg4 20. Bxd6 Qxd6 21. fxg4 0-1

[Event "COL-chT"]
[Site "Medellin"]
[Date "2021.12.09"]
[Round "2.2"]
[White "Tirado, Juan Camilo"]
[Black "Valderrama Quiceno, Esteban Alberto"]
[Result "0-1"]
[WhiteElo "2127"]
[BlackElo "2448"]
[PlyCount "66"]
[EventDate "2021.12.09"]
[EventType "team-swiss"]
[EventRounds "6"]
[EventCountry "COL"]
[SourceTitle "CBM 205 Extra"]
[Source "ChessBase"]
[SourceDate "2022.01.31"]
[SourceVersion "1"]
[SourceVersionDate "2022.01.31"]
[SourceQuality "1"]
[WhiteTeam "Boyaca"]
[BlackTeam "Liga de Antioquia"]
[WhiteTeamCountry "COL"]
[BlackTeamCountry "COL"]

1. e4 d6 2. Bc4 Nf6 3. d3 g6 4. Nf3 Bg7 5. 0-0 0-0 6. Nc3 c5 7. h3 Nc6 8. a4 a6 9. Be3 Nd7 10. d4 cxd4 11. Nxd4 Nde5 12. Ba2 Na5 13. Qe2 Bd7 14. f4 Nec6 15. Rad1 Nxd4 16. Bxd4 Bxd4+ 17. Rxd4 Nc6 18. Rd3 Nb4 19. Re3 Nxa2 20. Nxa2 Bxa4 21. b3 Bc6 22. Nb4 Rc8 23. c4 a5 24. Nxc6 Rxc6 25. f5 Qb6 26. Kh1 a4 27. bxa4 Rxc4 28. Qxc4 Qxe3 29. Rb1 b6 30. Rb5 Kg7 31. Qc6 h5 32. Qb7 Qc1+ 33. Kh2 Rc8 0-1

[Event "COL Subzt 2.3.4"]
[Site "Risarald"]
[Date "2021.11.26"]
[Round "6"]
[White "Tirado, Juan Camilo"]
[Black "Gonzalez Velasco, Leandro"]
[Result "1-0"]
[WhiteElo "2135"]
[BlackElo "1859"]
[PlyCount "63"]
[EventDate "2021.11.23"]
[EventType "swiss"]
[EventRounds "9"]
[EventCountry "COL"]
[SourceTitle "CBM 205 Extra"]
[Source "ChessBase"]
[SourceDate "2022.01.31"]
[SourceVersion "1"]
[SourceVersionDate "2022.01.31"]
[SourceQuality "1"]

1. e4 c5 2. Nc3 d6 3. d4 cxd4 4. Qxd4 Nc6 5. Qd2 Nf6 6. b3 e6 7. Bb2 Be7 8. 0-0-0 0-0 9. f3 Qa5 10. Kb1 d5 11. exd5 Rd8 12. Bd3 exd5 13. Nb5 Qb6 14. Nd4 Nxd4 15. Bxd4 Bc5 16. Ne2 Kh8 17. Qc3 Bxd4 18. Nxd4 Be6 19. h4 Rac8 20. Qb2 Qc7 21. g4 Qf4 22. Rdg1 Nd7 23. h5 Ne5 24. h6 g5 25. Re1 Nxd3 26. cxd3 Qf6 27. f4 Kg8 28. fxg5 Qg6 29. Nf5 Rc7 30. Qd2 Bxf5 31. gxf5 Qxf5 32. Rhf1 1-0

[Event "COL Subzt 2.3.4"]
[Site "Risarald"]
[Date "2021.11.25"]
[Round "5"]
[White "Llano Buritica, Eduardo Alejandro"]
[Black "Tirado, Juan Camilo"]
[Result "0-1"]
[WhiteElo "1951"]
[BlackElo "2135"]
[PlyCount "144"]
[EventDate "2021.11.23"]
[EventType "swiss"]
[EventRounds "9"]
[EventCountry "COL"]
[SourceTitle "CBM 205 Extra"]
[Source "ChessBase"]
[SourceDate "2022.01.31"]
[SourceVersion "1"]
[SourceVersionDate "2022.01.31"]
[SourceQuality "1"]

1. d4 c5 2. d5 Nf6 3. c4 e6 4. Nc3 exd5 5. cxd5 d6 6. e4 g6 7. Nge2 Bg7 8. Ng3 0-0 9. Be2 Na6 10. 0-0 Nc7 11. a4 Rb8 12. Bg5 h6 13. Be3 Qe7 14. h3 a6 15. Qd2 b5 16. axb5 axb5 17. Bxh6 b4 18. Bxg7 Kxg7 19. Nd1 Nxe4 20. Nxe4 Qxe4 21. Bf3 Qf5 22. Ne3 Qf6 23. Be2 Rh8 24. f4 Re8 25. Rf3 Qd4 26. Rd1 Qxd2 27. Rxd2 Bb7 28. Kf2 Re4 29. f5 Rbe8 30. fxg6 fxg6 31. Bd3 Rd4 32. Rg3 Rf4+ 33. Kg1 Rf6 34. Bc2 Ref8 35. Rg5 Bc8 36. h4 Kh6 37. g3 Nb5 38. Bd1 Nd4 39. Kg2 Bd7 40. Bg4 Nf3 41. Rd1 Nxg5 42. hxg5+ Kxg5 43. Bxd7 Rf2+ 44. Kg1 Rxb2 45. Nc4 Rb3 46. Nxd6 Rxg3+ 47. Kh2 Re3 48. Nc4 Rc3 49. Nd2 Rc2 50. Kg3 c4 51. Ne4+ Kh6 52. d6 b3 53. Ba4 Ra2 54. Nc5 b2 55. Rh1+ Kg7 56. Ne6+ Kg8 57. Nxf8 Ra1 58. d7 Rxh1 59. d8Q b1Q 60. Nd7+ Kh7 61. Qe7+ Kh6 62. Qf8+ Kh5 63. Qh8+ Kg5 64. Qf6+ Kh6 65. Qh8+ Kg5 66. Qf6+ Kh6 67. Qf4+ Kh7 68. Nf6+ Kh8 69. Bc6 Qe1+ 70. Kg4 Rh4+ 71. Kg5 Rxf4 72. Kxf4 Qg1 0-1

[Event "COL Subzt 2.3.4"]
[Site "Risarald"]
[Date "2021.11.23"]
[Round "1"]
[White "Acero Vargas, Cristian Camilo"]
[Black "Tirado, Juan Camilo"]
[Result "0-1"]
[WhiteElo "1729"]
[BlackElo "2135"]
[PlyCount "30"]
[EventDate "2021.11.23"]
[EventType "swiss"]
[EventRounds "9"]
[EventCountry "COL"]
[SourceTitle "CBM 205 Extra"]
[Source "ChessBase"]
[SourceDate "2022.01.31"]
[SourceVersion "1"]
[SourceVersionDate "2022.01.31"]
[SourceQuality "1"]

1. d4 Nf6 2. Bf4 c5 3. e3 Qb6 4. Na3 d5 5. Nb5 Na6 6. a4 g6 7. a5 Qc6 8. Nf3 c4 9. Na3 Bd7 10. Ne5 Qc8 11. Be2 Bg7 12. c3 0-0 13. 0-0 b5 14. axb6 axb6 15. Nc2 b5 0-1

[Event "COL-chT rapid"]
[Site "Cartagena"]
[Date "2019.11.29"]
[Round "4.1"]
[White "Tirado, Juan Camilo"]
[Black "Pai, Juan David"]
[Result "1-0"]
[WhiteElo "2234"]
[BlackElo "2008"]
[PlyCount "83"]
[EventDate "2019.11.29"]
[EventType "team-swiss"]
[EventRounds "7"]
[EventCountry "COL"]
[SourceTitle "CBM 193 Extra"]
[Source "ChessBase"]
[SourceDate "2020.01.31"]
[SourceVersion "1"]
[SourceVersionDate "2020.01.31"]
[SourceQuality "1"]
[WhiteTeam "Boyaca"]
[BlackTeam "Narino"]
[WhiteTeamCountry "COL"]
[BlackTeamCountry "COL"]

1. d4 Nf6 2. c4 e6 3. Nf3 d5 4. g3 Be7 5. Bg2 0-0 6. 0-0 b6 7. cxd5 exd5 8. Ne5 Bb7 9. Nc3 Re8 10. Qb3 Nbd7 11. Rd1 Bd6 12. Nxd7 Qxd7 13. e3 Bf8 14. Bd2 Rad8 15. Rac1 c6 16. Ne2 Ne4 17. Nf4 g5 18. Nd3 Qf5 19. Qc2 Ba6 20. Be1 g4 21. Nf4 Bb7 22. b4 c5 23. bxc5 bxc5 24. dxc5 Rc8 25. Nxd5 Bxd5 26. Bb4 a5 27. Ba3 Bc6 28. Bb2 Re6 29. Rd4 Bxc5 30. Rxe4 Bxe4 31. Qc3 f6 32. Qb3 Bxg2 33. Kxg2 Qe4+ 34. Kg1 Kg7 35. Rc4 Qg6 36. Qb7+ Be7 37. Qxc8 Qb1+ 38. Kg2 Qxb2 39. Qxe6 Qb7+ 40. Qc6 Qxc6+ 41. Rxc6 Kf7 42. h4 1-0

[Event "COL-chT"]
[Site "Cartagena"]
[Date "2019.11.28"]
[Round "7.4"]
[White "Tirado, Juan Camilo"]
[Black "Hernandez, Cristian Andres"]
[Result "1/2-1/2"]
[WhiteElo "2122"]
[BlackElo "2351"]
[PlyCount "90"]
[EventDate "2019.11.24"]
[EventType "team-swiss"]
[EventRounds "7"]
[EventCountry "COL"]
[SourceTitle "CBM 193 Extra"]
[Source "ChessBase"]
[SourceDate "2020.01.31"]
[SourceVersion "1"]
[SourceVersionDate "2020.01.31"]
[SourceQuality "1"]
[WhiteTeam "Boyaca"]
[BlackTeam "Risaralda"]
[WhiteTeamCountry "COL"]
[BlackTeamCountry "COL"]

1. e4 c5 2. Nf3 d6 3. Bb5+ Nd7 4. 0-0 a6 5. Bd3 Ngf6 6. Re1 e6 7. a4 Ng4 8. c3 Nge5 9. Bc2 Nxf3+ 10. Qxf3 Be7 11. Qg3 0-0 12. d3 Re8 13. Nd2 Ne5 14. Nc4 Nxc4 15. dxc4 e5 16. Bh6 Bf8 17. Bg5 Qc7 18. h4 Be6 19. b3 Kh8 20. h5 h6 21. Bd2 f6 22. Qh4 Rab8 23. a5 Be7 24. Qh2 Rf8 25. Qg3 Rbd8 26. Qg6 Bf7 27. Qg4 Qc8 28. Qxc8 Rxc8 29. g4 Be6 30. f3 Kg8 31. Kg2 Kf7 32. Kf2 Rfd8 33. Red1 Ke8 34. Be3 Kf7 35. Rd2 Rc6 36. Bd1 Rb8 37. Kg3 Rbc8 38. Rf2 Kf8 39. Rd2 Kf7 40. Bc2 R6c7 41. Rad1 Rc6 42. Kf2 Kf8 43. Rb1 Kf7 44. Bd1 Bd8 45. Ra1 Be7 1/2-1/2

[Event "COL-ch U2200"]
[Site "Moniquira"]
[Date "2019.07.20"]
[Round "3"]
[White "Tirado, Juan Camilo"]
[Black "Cardenas, Alejandro"]
[Result "1-0"]
[WhiteElo "2069"]
[BlackElo "2025"]
[PlyCount "141"]
[EventDate "2018.07.19"]
[EventType "swiss"]
[EventRounds "7"]
[EventCountry "COL"]
[SourceTitle "EXT 2021"]
[Source "ChessBase"]
[SourceDate "2020.10.23"]
[SourceVersion "1"]
[SourceVersionDate "2020.10.23"]
[SourceQuality "1"]

1. e4 c5 2. c3 d5 3. exd5 Nf6 4. d4 cxd4 5. Qxd4 Qxd5 6. Nf3 e6 7. Bg5 Nc6 8. Qa4 Bd7 9. Qb3 Bc5 10. Nbd2 Qf5 11. h3 Nd5 12. Qc4 Nb6 13. Qe4 f6 14. Qxf5 exf5 15. Nb3 Be7 16. Be3 Nd5 17. Bc5 Ne5 18. 0-0-0 Nxf3 19. Rxd5 Be6 20. Rd3 Ne5 21. Re3 Bxb3 22. Bxe7 Kxe7 23. axb3 f4 24. Re4 g5 25. Kc2 Rad8 26. Be2 Rd6 27. h4 Re6 28. hxg5 fxg5 29. Re1 Kf6 30. Bh5 Rd8 31. g3 fxg3 32. fxg3 Rdd6 33. Rf1+ Kg7 34. Rfe1 Kf6 35. Rf1+ Kg7 36. Rf5 Kh6 37. g4 Ng6 38. Rxe6 Rxe6 39. b4 Nf4 40. Bf7 Re2+ 41. Kb3 Rg2 42. Ra5 Kg7 43. Bc4 Rxg4 44. Rxa7 h5 45. Rxb7+ Kg6 46. Bf7+ Kf6 47. Be8 h4 48. Rh7 Rg2 49. b5 Nd3 50. c4 Re2 51. Bc6 Kg6 52. Rh8 Kg7 53. Rh5 Kg6 54. Rh8 Kg7 55. Rd8 Re3 56. Kc2 Nb4+ 57. Kd2 Re5 58. Bh1 g4 59. b6 g3 60. b7 Na6 61. Ra8 h3 62. Rxa6 Re8 63. Ra3 g2 64. Bxg2 hxg2 65. Rg3+ Kf6 66. Rxg2 Rb8 67. Re2 Kf5 68. Kc3 Rxb7 69. b4 Kf6 70. c5 Rb8 71. Kb3 1-0

[Event "COL-ch sf1"]
[Site "Medellin"]
[Date "2019.04.16"]
[Round "1"]
[White "Moreno Marino, Juan Nicolas"]
[Black "Tirado, Juan Camilo"]
[Result "0-1"]
[WhiteElo "1660"]
[BlackElo "2123"]
[PlyCount "34"]
[EventDate "2019.04.16"]
[EventType "swiss"]
[EventRounds "10"]
[EventCountry "COL"]
[SourceTitle "CBM 190 Extra"]
[Source "ChessBase"]
[SourceDate "2019.07.15"]
[SourceVersion "1"]
[SourceVersionDate "2019.07.15"]
[SourceQuality "1"]

1. c4 Nf6 2. Nf3 e6 3. e3 c5 4. Nc3 Nc6 5. Be2 Be7 6. 0-0 0-0 7. b3 d5 8. d4 dxc4 9. Bxc4 a6 10. d5 exd5 11. Bxd5 Nb4 12. e4 Nfxd5 13. Nxd5 Nxd5 14. exd5 Bf6 15. Bf4 Bxa1 16. Qxa1 Qxd5 17. Rd1 Qh5 0-1

[Event "Tunja Boyacense op"]
[Site "Tunja"]
[Date "2018.12.13"]
[Round "1"]
[White "Lopez Ramirez, Daniel Giovanny"]
[Black "Tirado, Juan Camilo"]
[Result "0-1"]
[WhiteElo "1610"]
[BlackElo "2107"]
[PlyCount "63"]
[EventDate "2018.12.13"]
[EventType "swiss"]
[EventRounds "7"]
[EventCountry "COL"]
[SourceTitle "CBM 187 Extra"]
[Source "ChessBase"]
[SourceDate "2018.11.04"]
[SourceVersion "1"]
[SourceVersionDate "2018.11.04"]
[SourceQuality "1"]

1. d3 d5 2. e4 e6 3. Nf3 Nf6 4. exd5 Qxd5 5. d4 b6 6. Nbd2 Bb7 7. Bc4 Qd8 8. 0-0 Be7 9. c3 0-0 10. Rb1 c5 11. Ne5 Re8 12. dxc5 Bxc5 13. Nb3 Bd6 14. Qd4 Qc7 15. f4 Nc6 16. Nxc6 Qxc6 17. Rf3 Qc7 18. Rf1 Rad8 19. Qd3 Bc5+ 20. Nd4 Be4 21. Qe2 Bxd4+ 22. cxd4 Rxd4 23. b3 Red8 24. Be3 Bd3 25. Bxd3 Rxd3 26. Rbc1 Qd7 27. Rc4 Rd5 28. Rfc1 Qb5 29. Kf2 Rd3 30. R1c3 Rxc3 31. Rxc3 Ne4+ 32. Kf3 0-1

[Event "COL-ch sf 2nd"]
[Site "Tunja"]
[Date "2018.04.21"]
[Round "8"]
[White "Lugo Lozano, Luz Adriana"]
[Black "Tirado, Juan Camilo"]
[Result "0-1"]
[WhiteElo "1880"]
[BlackElo "2077"]
[PlyCount "109"]
[EventDate "2018.04.17"]
[EventType "swiss"]
[EventRounds "10"]
[EventCountry "COL"]
[SourceTitle "CBM 184 Extra"]
[Source "ChessBase"]
[SourceDate "2018.06.28"]
[SourceVersion "1"]
[SourceVersionDate "2018.06.28"]
[SourceQuality "1"]

1. d4 Nf6 2. c4 e6 3. Nc3 Bb4 4. Qc2 c5 5. dxc5 Na6 6. Bd2 Nxc5 7. a3 Bxc3 8. Bxc3 b6 9. f3 d6 10. b4 Ncd7 11. e4 Qc7 12. Bd3 Ba6 13. Ne2 Rc8 14. Rc1 Qb8 15. 0-0 0-0 16. Bd4 d5 17. exd5 Bxc4 18. dxe6 Bxe6 19. Qd2 Ne5 20. Qg5 Nfd7 21. Ba6 f6 22. Qe3 Rxc1 23. Rxc1 Re8 24. Bb5 Bf7 25. Qc3 Qd6 26. Qc7 Qd5 27. a4 h5 28. f4 Ng4 29. Bc4 Qe4 30. Bxf7+ Kxf7 31. Qc4+ Kf8 32. Ng3 Ne3 33. Nxe4 Nxc4 34. Nxf6 gxf6 35. Rxc4 Re4 36. g3 f5 37. Rc8+ Kf7 38. Bc3 a5 39. bxa5 bxa5 40. Bxa5 Rxa4 41. Bc3 Ra2 42. Rh8 Rc2 43. Bd4 Rd2 44. Rh7+ Ke6 45. Bh8 Nc5 46. Rxh5 Nd3 47. Rh6+ Kd5 48. Ra6 Ke4 49. Ra1 Kf3 50. Bd4 Kg4 51. Rf1 Kh3 52. Rf3 Ne1 53. Rf1 Rg2+ 54. Kh1 Rxh2+ 55. Kg1 0-1

[Event "COL-ch sf 2nd"]
[Site "Tunja"]
[Date "2018.04.19"]
[Round "5"]
[White "Tirado, Juan Camilo"]
[Black "Montenegro, Heidy"]
[Result "1-0"]
[WhiteElo "2077"]
[BlackElo "1721"]
[PlyCount "65"]
[EventDate "2018.04.17"]
[EventType "swiss"]
[EventRounds "10"]
[EventCountry "COL"]
[SourceTitle "CBM 184 Extra"]
[Source "ChessBase"]
[SourceDate "2018.06.28"]
[SourceVersion "1"]
[SourceVersionDate "2018.06.28"]
[SourceQuality "1"]

1. e4 c5 2. d4 cxd4 3. c3 d6 4. cxd4 Nc6 5. Nf3 Nf6 6. Nc3 Bg4 7. d5 Bxf3 8. Qxf3 Ne5 9. Qd1 a6 10. Be2 e6 11. dxe6 fxe6 12. 0-0 Be7 13. Qb3 Qd7 14. f4 Nc6 15. Be3 b5 16. Rad1 0-0 17. e5 Ne8 18. Bg4 Nc7 19. exd6 Bxd6 20. Ne4 Na5 21. Qc3 Nb7 22. Nxd6 Nxd6 23. Bc5 Nce8 24. Qe5 Rf6 25. Bxd6 Rg6 26. Bf3 Rc8 27. Bc5 Qc7 28. Qxc7 Rxc7 29. b4 Kf7 30. Rd8 Rf6 31. Rfd1 Rxf4 32. Ra8 Kg6 33. Rxe8 1-0